Implicaciones de la evaluación continua a través de rúbricas sobre las prácticas pedagógicas: evidencia empírica y aplicación de análisis multidimensional (Record no. 190649)
[ view plain ]
| 000 -CABECERA | |
|---|---|
| campo de control de longitud fija | 02338nab a2200301 a 4500 |
| 005 - FECHA Y HORA DE LA ÚLTIMA TRANSACCIÓN | |
| campo de control | 20250306121357.0 |
| 008 - ELEMENTOS DE LONGITUD FIJA--INFORMACIÓN GENERAL | |
| campo de control de longitud fija | 991125c2016 ck fr p o 000 0 spa d |
| 035 ## - NÚMERO DE CONTROL DEL SISTEMA | |
| Número de control de sistema | UPN01000218549 |
| 040 ## - FUENTE DE LA CATALOGACIÓN | |
| Centro catalogador/agencia de origen | UPN |
| Lengua de catalogación | spa |
| Centro/agencia transcriptor | UPN |
| Normas de descripción | aacr2 |
| 049 ## - COLECCIÓN | |
| Colección | ART-E |
| 100 1# - ASIENTO PRINCIPAL--NOMBRE PERSONAL | |
| Nombre de persona | Castillo Tabares, Ruben |
| Enlace | - castarub@ gmail.com |
| 100 1# - ASIENTO PRINCIPAL--NOMBRE PERSONAL | |
| Nombre de persona | Hernandez Valencia, Jaime |
| 100 1# - ASIENTO PRINCIPAL--NOMBRE PERSONAL | |
| Nombre de persona | Munevar Mesa, Omar |
| 100 1# - ASIENTO PRINCIPAL--NOMBRE PERSONAL | |
| Nombre de persona | Portilla Portilla, Monica |
| 245 10 - MENCIÓN DE TÍTULO | |
| Título | Implicaciones de la evaluación continua a través de rúbricas sobre las prácticas pedagógicas: evidencia empírica y aplicación de análisis multidimensional |
| Medio | [recurso electrónico en línea] |
| 506 0# - NOTA DE RESTRICCIONES AL ACCESO | |
| Limitaciones de acceso | Acceso abierto |
| 520 3# - NOTA DE RESUMEN, ETC. | |
| Sumario, etc. | En la actualidad se hace evidente la necesidad de prácticas de enseñanza-aprendizaje que apunten al fortalecimiento de las competencias de los educandos, necesarias para adaptarse a las exigencias de la sociedad y a los niveles de competitividad en el mercado laboral. La presente investigación efectúa un estudio empírico para identificar las prácticas pedagógicas que están asociadas a la evaluación continua, usando la rúbrica como instrumento de evaluación de competencias dentro del contexto universitario. La evidencia reveló que existe baja calidad y cultura de la evaluación, pocos acuerdos en relación con la confiabilidad de la rúbrica, mayor acuerdo en torno a la efectividad de la misma con propósitos de formación, amplio acuerdo en relación con la función de retroalimentación, necesidad de apoyos didácticos y apoyo político para el desarrollo de la rúbrica. Estos hallazgos aportan las primeras evidencias desde la investigación aplicada sobre la necesidad del diseño de políticas educativas conducentes a la unificación de criterios en torno a un modelo de evaluación por competencias para el fortalecimiento de este tipo de formación en la educación superior en Colombia. |
| 650 #4 - ASIENTO SECUNDARIO DE MATERIA - TERMINO TEMATICO | |
| 9 (RLIN) | 32 |
| Término de materia o nombre geográfico como elemento de entrada | Educación superior |
| 650 #4 - ASIENTO SECUNDARIO DE MATERIA - TERMINO TEMATICO | |
| 9 (RLIN) | 42 |
| Término de materia o nombre geográfico como elemento de entrada | Proceso enseñanza-aprendizaje |
| 650 #4 - ASIENTO SECUNDARIO DE MATERIA - TERMINO TEMATICO | |
| 9 (RLIN) | 4684 |
| Término de materia o nombre geográfico como elemento de entrada | Calidad de la educación |
| 653 0# - TERMINO DE INDIZACION - NO CONTROLADO | |
| Término no controlado | Evaluación continua |
| 653 0# - TERMINO DE INDIZACION - NO CONTROLADO | |
| Término no controlado | Rúbricas |
| 773 ## - ENLACE AL DOCUMENTO FUENTE/ENTRADA DE REGISTRO ANFITRIÓN | |
| Parte(s) relacionada(s) | Vol. 16, no. 1 (2014), p. 66-77 |
| Título | Horizontes pedagógicos |
| Número Internacional Normalizado para Publicaciones Seriadas | 2500-705X |
| 856 4# - LOCALIZACIÓN Y ACCESO ELECTRÓNICOS | |
| Identificador Uniforme del Recurso | <a href="https://horizontespedagogicos.ibero.edu.co/article/view/16106">https://horizontespedagogicos.ibero.edu.co/article/view/16106</a> |
| 902 ## - ELEMENTOS DE DATOS B LOCAL, LDB (RLIN) | |
| Creó | Gloria Jiménez/0824 |
| 905 ## - TIPO DE MATERIAL | |
| Tipo de material | Articulo |
| 942 ## - ELEMENTOS DE PUNTO DE ACCESO ADICIONAL (KOHA) | |
| Tipo de ítem Koha | Artículo Electrónico |
| Estado de retiro | Estado de pérdida | Estado dañado | No para préstamo | Código de colección | Localización permanente | Ubicación/localización actual | Ubicación en estantería | Fecha de adquisición | Total de préstamos | Fecha visto por última vez | Identificador Uniforme del Recurso | Precio válido a partir de | Tipo de ítem Koha |
|---|---|---|---|---|---|---|---|---|---|---|---|---|---|
| Acceso abierto | Bib. Gregorio Torres Quintero | Bib. Gregorio Torres Quintero | En línea | 30/08/2024 | 30/08/2024 | https://horizontespedagogicos.ibero.edu.co/article/view/16106 | 30/08/2024 | Artículo Electrónico |
